Normal view
MARC view
- González Gámez, Magdalena
Entry Nombre Personal
001 - NUMERO DE CONTROL
- campo de control: 48845
003 - IDENTIFICADOR DE NUMERO DE CONTROL
- campo de control: DLC
005 - FECHA Y HORA DE LA ÜLTIMA TRANSACCIÓN
- campo de control: 20230509154542.0
008 - DATOS DE LONGITUD FIJA
- campo de control de longitud fija: 130411n| azannaabn |a aaa c
010 ## - NÚMERO DE CONTROL DE LA BIBLIOTECA DEL CONGRESO
- Número de control LC: no2013039947
035 ## - NUMERO DE CONTROL
- Número de control: (OCoLC)oca09448922
040 ## - FUENTE DE CATALOGACIÓN
- Agencia original de catalogación: UPB
- Lenguaje de catalogación: spa
- Description conventions: rda
- Agencia de transcripción: UPB
100 1# - ENCABEZAMIENTO - NOMBRE PERSONAL
- Nombre personal: González Gámez, Magdalena
370 ## - LUGAR ASOCIADO
- Associated country: Mexico
- Associated country: España
374 ## - OCUPACIÓN
- Occupation: Periodistas
377 ## - LENGUA ASOCIADA
- Language code: spa
400 1# - VEÁSE - NOMBRE DE PERSONA
- Personal name: Gámez, Magdalena González
670 ## - FUENTE EN LA QUE SE LOCALIZARON DATOS
- Cita de la fuente: La bandida, 2012 :
- Información localizada: portada (Magdalena González Gámez) solapa frontal (periodista y editora en México y España)
670 ## - FUENTE EN LA QUE SE LOCALIZARON DATOS
- Cita de la fuente: Aguascalientes, 2012:
- Información localizada: reverso de la portada (Magdalena González Gámez)
902 ## - CATALOGADOR
- Catalogador: VíctorGodínez/090523
